Is That the North American Capital? Quiz Stats

 Plays Quiz not verified by Sporcle

Score 0/23 Timer 05:00
4 Plays Today
% Correct
Havana, Cuba
93.8%
Guatemala City, Guatemala
91.3%
Ottawa, Canada
90.8%
Kingston, Jamaica
90.3%
Washington, DC, United States
88.6%
Mexico City, Mexico
88.5%
Santo Domingo, Dominican Republic
87.9%
Port-au-Prince, Haiti
87.7%
Panama City, Panama
86.7%
San Jose, Costa Rica
85%
Nassau, Bahamas
84.5%
Bridgetown, Barbados
82.8%
% Correct
St. John's, Antigua and Barbuda
80.7%
Port of Spain, Trinidad and Tobago
79.9%
Kingstown, Saint Vincent
and the Grendadines
79.8%
Tegucigalpa, Honduras
78.3%
San Salvador, El Salvador
77.4%
St. George's, Grenada
76.2%
Belmopan, Belize
73.9%
Roseau, Dominica
72.4%
Managua, Nicaragua
71.4%
Castries, St Lucia
65.8%
Basseterre, Saint
Kitts and Nevis
65%

You're not logged in!

Compare scores with friends on all Sporcle quizzes.
OR
Log In

Show Comments

Extras

Top Quizzes Today


Score Distribution

Your Account Isn't Verified!

In order to create a playlist on Sporcle, you need to verify the email address you used during registration. Go to your Sporcle Settings to finish the process.

Report this User

Report this user for behavior that violates our Community Guidelines.

Details: